00872nam a22002175i 450000100060000000300090000600500170001500700030003200800410003504000200007610000410009624500910013725000120022826000610024030000260030149000610032783000680038885200550045699900170051195201260052898886ES-MaACL20250824074918.0t|950918s1897 sp ||||1| spa d aCAM bspa cCAM1 aEchegaray, José,d1832-191694652613aEl poder de la impotencia b: drama en tres actos y en prosa / cpor José Echegaray. a2ª ed. aMadrid : bFlorencio Fiscowich, c1897 (fImpr. V. Vela) a97, [4] p. ; c20 cm.1 aEl Teatro: colección de obras dramáticas y líricas03aEl teatro: colección de obras dramática y líricas9221753 aES-MaACLjB-3100(1) q. - Ded. autógr. del autor c98886d98886 001040708LIBXIXaATENEOMbATENEOMcSPBd2008-01-17eSCl0oB-3100(1)p1103247r2023-02-23 00:00:00w2023-02-23yMONANT